000 00682nam a2200265Ia 4500
003 OSt
005 20221006151651.0
006 a|||||r|||| 00| 0
007 ta
008 221006b |||||||| |||| 00| 0 jpn d
020 _c¥1000
024 _a22,939
037 _bGift, Japan Foundation
_cTextual
040 _aEASL
_cEASL
_bjpn
041 _2jpn
_ajpn
082 _aP42,4, L5
100 _aMIKAMI Akira
245 0 _aNihongo no kobun
260 _aTokyo
_bKuroshio Shuppan Japan
_c1975
300 _a186p.
_ccm.
490 _v JL
650 _aJL
942 _hP42,4, L5
_cTEXL
_2CC
999 _c1091025
_d1091025